New Testament Books of the Bible - Sudden Purgatory - Statistics

General Stats
  • This quiz has been taken 55 times
  • The average score is 22 of 27
Answers on the Grid
Answers color-coded by a green-red scale on the quiz's grid according to % correct below.
1 Chronicles
2 Chronicles
1 Corinthians
2 Corinthians
1 John
2 John
3 John
1 Kings
2 Kings
1 Maccabees
2 Maccabees
1 Peter
2 Peter
1 Samuel
2 Samuel
1 Thessalonians
2 Thessalonians
1 Timothy
2 Timothy
Acts
Amos
Baruch
Colossians
Daniel
Deuteronomy
Ecclesiastes
Ephesians
Esther
Exodus
Ezekiel
Ezra
Galatians
Genesis
Habakkuk
Haggai
Hebrews
Hosea
Isaiah
James
Jeremiah
Job
Joel
John
Jonah
Joshua
Jude
Judges
Judith
Lamentations
Leviticus
Luke
Malachi
Mark
Matthew
Micah
Nahum
Nehemiah
Numbers
Obadiah
Philemon
Philippians
Proverbs
Psalms
Revelation
Romans
Ruth
Sirach
Song of Songs
Titus
Tobit
Wisdom of Solomon
Zechariah
Zephaniah
 
Answer Stats
Answer % Correct
2 Corinthians
93%
1 Corinthians
91%
Romans
91%
1 John
89%
2 John
86%
2 Thessalonians
86%
3 John
86%
Acts
86%
Luke
86%
Mark
86%
Matthew
86%
1 Timothy
84%
2 Timothy
84%
John
84%
Revelation
84%
2 Peter
82%
1 Peter
80%
Philippians
80%
1 Thessalonians
77%
Colossians
75%
Galatians
73%
Hebrews
73%
James
73%
Titus
73%
Ephesians
70%
Jude
66%
Philemon
59%
No matching quizzes found
Score Distribution
Percent of People with Each Score
Percentile by Number Answered
Your Score History
You have not taken this quiz